| 000 | 00448 a2200121 4500 | ||
|---|---|---|---|
| 020 | _a5288002398 | ||
| 920 | _a5-288-00239-8 | ||
| 100 | 1 |
_aZigljavskij, A.A.. _eAutor |
|
| 700 | 1 |
_aKraskovskij, A.E.. _eAutor |
|
| 245 | 0 |
_aObnaruzenie razladki slucajnych processov v zadacach radiotechniki / _cZigljavskij A.A., Kraskovskij A.E.. |
|
| 710 | 2 |
_aIzd. Leningr. Univer.. _eWydawca _4pbl |
|
| 260 |
_aLeningrad : _bIzd. Leningr. Univer., _c1988. |
||
| 300 |
_a224 s.: _bil.; _c21 cm. |
||
| 999 |
_c14172 _d14172 |
||